Ústava ZSSR a rozvoj socialistickej spoločnosti /
Uložené v:
| Hlavní autori: | , , |
|---|---|
| Médium: | Kniha |
| Jazyk: | Slovak |
| Vydané: |
Bratislava :
Smena,
1987.
|
| Vydanie: | 1. vyd. |
| Edícia: | Aurora
|
| ISBN: |
(viaz.) |
| Fyzický popis: |
218 s. |
| Tagy: |
Pridať tag
Žiadne tagy, Buďte prvý kto otaguje tento záznam!
|
Titul je dostupný aj v ... 

MARC
| LEADER | 00000nam a2200000 a 4500 | ||
|---|---|---|---|
| 001 | 000169310 | ||
| 005 | 20120716175659.0 | ||
| 008 | 040101s1987 xo e sloo | ||
| 020 | |a (viaz.) |c Kčs 14,00 | ||
| 040 | |a SVKKK |b slo |c SVKKK |e AACR2 | ||
| 041 | 0 | |a slo | |
| 044 | |a xo |c SK | ||
| 100 | 1 | |a Trella, Rudolf, |d 1929-1990. |4 aut | |
| 245 | 1 | 0 | |a Ústava ZSSR a rozvoj socialistickej spoločnosti / |c Rudolf Trella, Marian Posluch, Ľudovít Hudek. |
| 250 | |a 1. vyd. | ||
| 260 | |a Bratislava : |b Smena, |c 1987. | ||
| 300 | |e 218 s. | ||
| 490 | 1 | |a Aurora | |
| 700 | 1 | |a Posluch, Marian, |d 1945- |4 aut | |
| 700 | 1 | |a Hudek, Ľudovít, |d 1948- |4 aut | |
| 830 | 0 | |a Aurora | |
| 910 | |a svkkk | ||
| 998 | |a BK | ||
| 090 | |g SCKHL |k Sklad Pribinova 2. posch. |a II.312233 |i 2720220329 |s Absenčne | ||
| 090 | |g SCKHL |k Sklad Pribinova 2. posch. |a II.322288 |j 752459 |i 2720245432 |s Absenčne | ||